Normal view
MARC view
Entry Personal Name
001 - CONTROL NUMBER
- control field: 11884
003 - CONTROL NUMBER IDENTIFIER
- control field: ARRUPE
005 - DATE AND TIME OF LATEST TRANSACTION
- control field: 20140930164051.0
008 - FIXED-LENGTH DATA ELEMENTS
- fixed length control field: 140930|| aca||aabn | a|a d
040 ## - CATALOGING SOURCE
- Original cataloging agency: ARRUPE
- Transcribing agency: ARRUPE
100 ## - HEADING--PERSONAL NAME
- Personal name: Warren, Michael,
- Dates associated with a name: 1935-
670 ## - SOURCE DATA FOUND
- Source citation: Work cat.: (ARRUPE)0: Warren, Michael, 1935-, Faith, culture, and the worshiping community /, c1989.